000 00673nam a2200289Ia 4500
005 20260324133835.0
008 008 260324s9999 xx 000 0 eng d
020 _a9781315039329
037 _aEBOOK
040 _aCRL
040 _beng
040 _cCRL
041 _2eng
041 _aeng
084 _qCRL
100 _aMagnus Norell
_91194595
245 2 _aA Dissenting Democracy
245 4 _bThe Israeli Movement 'Peace Now'
260 _bTaylor and Francis
260 _c2002
365 _a
365 _b315
856 _uhttp://www.taylorfrancis.com/books/9781315039329
942 _cEBOOK
999 _c1794058
_d1794058